000 00742nam a2200217Ia 4500
003 GCL
008 140319s9999 xx 000 0 ara d
020 _a7333714977
040 _aGCL /
_cGCL
082 0 4 _a211
_bم ا
100 1 _aمحمد عبدالقدوس
245 1 0 _aاسئلة حائرة على طريق الهداية /
_cمحمد عبدالقدوس
250 _aالاولى
260 _aالقاهرة :
_bنهضة مصر للطباعة والنشر والتوزيع ،
_c2006
300 _a163 ص ؛
_c16 سم
650 0 4 _aالاسلام
650 0 4 _aالاخلاق الاسلامية
650 0 4 _aالشريعة الاسلامية
650 0 4 _aالاسلام - الاصلاح الاجتماعى
942 _2ddc
_cBK
999 _c8690
_d8690